Queen Albums Quiz - Statistics

General Stats
  • This quiz has been taken 208 times
  • The average score is 12 of 15
Answer Stats
Hint Answer % Correct
1973 Queen
99%
1974 Queen II
98%
1975 A Night at the Opera
94%
1976 A Day at the Races
88%
1974 Sheer Heart Attack
88%
1978 Jazz
83%
1977 News of the World
83%
1991 Innuendo
82%
1980 The Game
76%
1984 The Works
75%
1986 A Kind of Magic
74%
1982 Hot Space
73%
1980 Flash Gordon
71%
1995 Made in Heaven
69%
1989 The Miracle
69%
No matching quizzes found
Score Distribution
Percent of People with Each Score
Percentile by Number Answered
Your Score History
You have not taken this quiz